European Socialist Regimes' Fateful Engagement with the West (Record no. 27705)
[ view plain ]
| 000 -LEADER | |
|---|---|
| fixed length control field | 00607nam a2200121Ia 4500 |
| 008 - FIXED-LENGTH DATA ELEMENTS--GENERAL INFORMATION | |
| fixed length control field | 220620s9999||||xx |||||||||||||| ||und|| |
| 245 #0 - TITLE STATEMENT | |
| Title | European Socialist Regimes' Fateful Engagement with the West |
| Remainder of title | National Strategies in the Long 1970s |
| 546 ## - LANGUAGE NOTE | |
| Language note | English[eng] |
| 650 ## - SUBJECT ADDED ENTRY--TOPICAL TERM | |
| Topical term or geographic name entry element | Eastern European Politics||The Cold War||International Relations||COMECON||Cold War||CSCE||EEC||European Community||European integration||Socialist states||Soviet Union||the West |
| 700 ## - ADDED ENTRY--PERSONAL NAME | |
| Personal name | Romano, Angela||Romero, Federico |
| 856 ## - ELECTRONIC LOCATION AND ACCESS | |
| Uniform Resource Identifier | <a href="https://library.oapen.org/bitstream/20.500.12657/41703/1/9781000210330.pdf">https://library.oapen.org/bitstream/20.500.12657/41703/1/9781000210330.pdf</a> |
| 942 ## - ADDED ENTRY ELEMENTS (KOHA) | |
| Koha item type | E-Books |
| Withdrawn status | Lost status | Damaged status | Not for loan | Home library | Current library | Date acquired | Total Checkouts | Date last seen | Price effective from | Koha item type |
|---|---|---|---|---|---|---|---|---|---|---|
| Kerala University of Digital Sciences, Innovation and Technology Knowledge Centre | Kerala University of Digital Sciences, Innovation and Technology Knowledge Centre | 20/06/2022 | 20/06/2022 | 20/06/2022 | E-Books |